Three films by Ken Loach

Další autoři: Loach, Ken, 1936-
Jazyk: Angličtina
Vydáno: [London] : British Film Institute, [2017]
Témata:
DVD
Fyzický popis: 3 DVD video (277 min.) : zvuk, barevné ; 12 cm
Language note: V anglickém znění s anglickými titulky pro sluchově postižené
Video
Uloženo v:
LEADER 02053ngm a2200565 i 4500
001 001774860
003 CZ BrMZK
005 20210125115103.0
007 vd cvaizu
008 201029t20172017xxk277 e n vleng
020 |q (DVD) 
040 |a BOA001  |b cze  |e rda 
041 0 |a eng  |j eng 
043 |a e-uk-en 
045 |a x-y- 
072 7 |a 791  |x Film. Cirkus. Lidová zábava  |2 Konspekt  |9 3 
080 |a 791.633-051  |2 MRF 
080 |a (410.1)  |2 MRF 
080 |a (084.122)791.221.5  |2 MRF 
080 |a (084.122)791.221.2  |2 MRF 
080 |a (0.034.44)  |2 MRF 
245 0 0 |a Three films by Ken Loach 
264 1 |a [London] :  |b British Film Institute,  |c [2017] 
264 4 |c ©2017 
300 |a 3 DVD video (277 min.) :  |b zvuk, barevné ;  |c 12 cm 
336 |a dvojrozměrný pohyblivý obraz  |b tdi  |2 rdacontent 
337 |a video  |b v  |2 rdamedia 
338 |a videodisk  |b vd  |2 rdacarrier 
344 |a digital  |b optical  |g mono, stereo  |h Dolby Digital 2.0  |h Dolby Digital 5.1  |2 rda 
346 |b PAL  |2 rda 
347 |a video soubor  |b DVD video  |e region 2  |2 rda 
500 |a Název z disku 
500 |a Obrazový formát 1,37:1, 1,66:1; formát disku DVD9 
505 0 |a Riff-raff. 92 min. UK. 1991 -- Raining stones. 87 min. UK. 1993 -- Ladybird ladybird 98 min. UK. 1994 
521 8 |a Od 18 let 
546 |a V anglickém znění s anglickými titulky pro sluchově postižené 
600 1 7 |a Loach, Ken,  |d 1936-  |7 js20060609009 
648 7 |a 20.-21. století  |7 ch462155 
650 0 7 |a filmoví režiséři  |7 ph120210  |z Anglie  |y 20.-21. století  |2 czenas 
655 7 |a filmová dramata  |7 fd723636  |2 czenas 
655 7 |a komedie (filmy)  |7 fd118898  |2 czenas 
655 7 |a DVD  |7 fd186912  |2 czenas 
700 1 |a Loach, Ken,  |d 1936-  |7 js20060609009  |4 drt 
740 0 2 |a Riff-raff 
740 0 2 |a Raining stones 
740 0 2 |a Ladybird ladybird 
910 |a BOA001  |b CDR2-1453.783 
990 |a VI 
991 |b 202101  |c NOV  |x 99 
996 7 |b 2610843205  |c CDR2-1453.783  |d Disc 1-3  |l Anglická knihovna/2.patro  |r ZHR  |n 0  |p kupz  |h DF  |w 001832747  |u 000010  |a 0  |e BOA001  |j MZK50  |s A